| 000 | 02617nam a2200685 a 4500 | ||
|---|---|---|---|
| 999 |
_c2764 _d2764 |
||
| 005 | 20180803165034.0 | ||
| 008 | 140306t2002 ck |||||r|||| 00| 0 spa d | ||
| 020 | _a8067057 | ||
| 040 |
_aCO-BoIAVH _cCO-BoIAVH |
||
| 041 | 0 | _aspa | |
| 044 | _ack | ||
| 082 | 0 | 4 |
_a577.109861 _bA32p |
| 100 | 1 | _aAlarcón Hincapié, Juan Carlos | |
| 245 | 1 | 0 |
_aPáramos y ecosistemas alto andinos de Colombia en condición Hotspot global climatic tensor / _cJuan Carlos Alarcón Hincapié [y otros 33] |
| 260 |
_aBogotá: _bIDEAM, _c2002. |
||
| 300 |
_a387 páginas : _btablas, mapas ; _c28 x 22 cm. |
||
| 500 | _aIncluye anexos. | ||
| 504 | _aIncluye bibliografias. | ||
| 650 | 6 |
_aPáramos _zColombia |
|
| 650 | 4 |
_aEcosistemas altoandinos _zColombia |
|
| 650 | 6 |
_aCambio climático _zColombia |
|
| 650 | 6 |
_aUso del suelo _zColombia |
|
| 650 | 4 |
_aEcosistemas de alta montaña _zColombia |
|
| 662 | _aColombia | ||
| 700 | 1 | _aCastaño Uribe, Carlos | |
| 700 | 1 | _aAndrade, Germán I. | |
| 700 | 1 | _aArango Fernández, Gonzalo | |
| 700 | 1 | _aBarbosa Castillo, César Eduardo | |
| 700 | 1 | _aBuitrago, César | |
| 700 | 1 | _aCarrasco Leal, Juan B. | |
| 700 | 1 | _aCastaño Uribe, Carlos | |
| 700 | 1 | _aCeballos Lievano, Jorge Luis | |
| 700 | 1 | _aCruz Arguello, Sandra Patricia | |
| 700 | 1 | _aFalla Ramírez, Patricia, | |
| 700 | 1 | _aGarcía de Mejía, Martha | |
| 700 | 1 | _aGómez Sánchez, Carlos | |
| 700 | 1 | _aGutiérrez Rey, Hilda | |
| 700 | 1 | _aHenao, Jesús Eugenio | |
| 700 | 1 | _aHurtado Moreno, Gonzalo | |
| 700 | 1 | _aMarín Ramírez, Rodrigo | |
| 700 | 1 | _aMartínez-Ardila, Néstor Javier | |
| 700 | 1 | _aMartínez Nieto, Patricia | |
| 700 | 1 | _aMoreno Pinzón, Gladys | |
| 700 | 1 | _aOlarte Villanueva, Claudia | |
| 700 | 1 | _aOtero García, Javier | |
| 700 | 1 | _aPabón Caicedo, José Daniel | |
| 700 | 1 | _aPardo Pardo, Esperanza | |
| 700 | 1 | _aPonce de Leon-Chaux, Eugenia | |
| 700 | 1 | _aRamírez Aguilera, Diana Patricia | |
| 700 | 1 | _aRincón Romero, Mauricio | |
| 700 | 1 | _aRosas F., María Lucía | |
| 700 | 1 | _aRolón Domínguez, Ethel | |
| 700 | 1 | _aSalazar Holguín, Fernando | |
| 700 | 1 | _aSánchez Lancheros, Félix D. | |
| 700 | 1 | _aSánchez López, Reinaldo | |
| 700 | 1 | _aTriana García, José Ville | |
| 700 | 1 |
_aVan Der Hammen, Thomas, _d1924- |
|
| 700 | 1 | _aVilla Lopera, Antonio | |
| 942 |
_cLIBRO _2ddc |
||